| 000 | 00446nab a2200145Ia 4500 | ||
|---|---|---|---|
| 003 | ES-SlBCS | ||
| 005 | 20210601125300.0 | ||
| 008 | 140529s1996 xxu||||| |||| 00| 0 eng d | ||
| 041 | _aeng | ||
| 100 | 1 |
_aTidman, Paul _9133019 |
|
| 245 | 0 | 4 |
_aThe Justication of A Priori Intuitions _c Paul Tidman |
| 650 | 0 | 4 |
_aIntuición-A Priori _9156293 |
| 773 | 0 |
_tPhilosophy and Phenomenological Research _gvol. 56, 1996, págs. 161-172 _wRev1411 |
|
| 942 | _cAR | ||
| 999 |
_c527783 _d527783 |
||